000 00320nam a22001337a 4500
003 OSt
005 20230731193819.0
008 230727b |||||||| |||| 00| 0 eng d
040 _cCO-JMCR
082 0 4 _aC
_bWELp1
100 1 0 _aWell, H.G,
_eautor
_942784
245 _aEl paĆ­s de los ciegos /
_cH.G Wells
942 _2ddc
_cBK
999 _c30067
_d16451